000 00503nam a22001817a 4500
005 20240920130518.0
008 240918b |||||||| |||| 00| 0 eng d
020 _a978-93-6180-017-7
041 _aeng
082 _a421
100 _aPAGARIYA, DR. ASHISH AND SHARMA, DR. ANUJ KUMAR
_98518
245 _aCOMMUNICATION SKILLS [ B.PHARMA. 1ST. SEMESTER]
250 _a2ND . ED. 2025
260 _aLUCKNOW
_bTHAKUR PUBLICATION PVT.LTD
300 _a176;P
650 _aPHARMACY
_xB.PHARMA
942 _cBK
999 _c8646
_d8644